| 000 | 00369nam a2200133Ia 4500 | ||
|---|---|---|---|
| 005 | 20260328101448.0 | ||
| 008 | 260328s9999||||xx |||||||||||||| ||und|| | ||
| 100 | _aBettagno, Alessandro | ||
| 245 | 0 |
_aPiranesi : _b Incisioni, rami, legature, architetture / _cAlessandro Bettagno |
|
| 260 | _bNeri Pozza Editore | ||
| 300 | _a373 p. | ||
| 650 | _aARQUITECTOS | ||
| 942 | _cBK | ||
| 999 |
_c8521 _d8521 |
||